Singngat special: (Record no. 7701)

MARC details
000 -LEADER
fixed length control field 00384nam a22001457a 4500
003 - CONTROL NUMBER IDENTIFIER
control field GBCCL
005 - DATE AND TIME OF LATEST TRANSACTION
control field 20241126110634.0
008 - FIXED-LENGTH DATA ELEMENTS--GENERAL INFORMATION
fixed length control field 180911b ||||| |||| 00| 0 eng d
040 ## - CATALOGING SOURCE
Transcribing agency gbc
082 ## - DEWEY DECIMAL CLASSIFICATION NUMBER
Classification number SOU SIN
Item number 2011
245 ## - TITLE STATEMENT
Title Singngat special:
Remainder of title come home to Singngat/
Statement of responsibility, etc. editor, Siampu Thomte
260 ## - PUBLICATION, DISTRIBUTION, ETC.
Place of publication, distribution, etc. Singngat:
Name of publisher, distributor, etc. Editorial team,
Date of publication, distribution, etc. 2011
300 ## - PHYSICAL DESCRIPTION
Extent 150p. ;
942 ## - ADDED ENTRY ELEMENTS (KOHA)
Source of classification or shelving scheme Dewey Decimal Classification
Koha item type Archives
Holdings
Withdrawn status Lost status Source of classification or shelving scheme Damaged status Not for loan Home library Current Library Shelving location Date acquired Total checkouts Full call number Barcode Date last seen Copy number Price effective from Koha item type
    Dewey Decimal Classification     GRACE BIBLE COLLEGE GRACE BIBLE COLLEGE Archives 2018-09-11   SOU SIN 2011 250039 2025-05-01 c.1 2018-09-11 Archives
    Dewey Decimal Classification     GRACE BIBLE COLLEGE GRACE BIBLE COLLEGE Archives 2018-09-11   SOU SIN 2011 250040 2025-05-01 c.2 2018-09-11 Archives
    Dewey Decimal Classification     GRACE BIBLE COLLEGE GRACE BIBLE COLLEGE Archives 2019-01-24   SOU SIN 2011 250150 2025-05-01 c.3 2019-01-24 Archives
© Grace Bible College Library 2025